Loading...
Varthakal Vayikkunnath
| Main Author: | |
|---|---|
| Format: | Printed Book |
| Language: | Malayalam |
| Published: |
P. Vijayalakshmi
P. Vijayalakshmi
2000
|
| LEADER | 00463nam a2200121Ia 4500 | ||
|---|---|---|---|
| 008 | 111205s9999 xx 000 0 mal d | ||
| 100 | |a Ramachandran | ||
| 245 | |a Varthakal Vayikkunnath |c Ramachandran | ||
| 260 | |b P. Vijayalakshmi |a P. Vijayalakshmi |c 2000 | ||
| 300 | |a 160 | ||
| 942 | |c BK | ||
| 999 | |c 218272 |d 218272 | ||
| 952 | |0 0 |1 0 |2 ddc |4 0 |6 070_920000000000000_RAM_V |7 0 |9 241195 |a MAL |b MAL |c ST1 |d 2006-09-26 |g 60.00 |l 3 |o 070.92 RAM/V |p MAL27166 |r 2016-11-17 |s 2016-05-25 |v 60.00 |w 2011-12-05 |y BK | ||